000 00518nam a2200169 i 4500
001 72599
003 ES-MaACL
005 20230906171504.0
007 t|
008 040902q1914 sp ||||1| spa d
100 1 _aGiuriati, Doménico.
_957374
245 1 3 _aEl plagio /
_cpor Domenice Giuriati ; traducido del italiano y anotado por Luis Marco.
260 _aMadrid :
_b[s.n.,
_c1914?] (
_fImp. de Gabriel L. del Horno)
300 _a453 p. ;
_c23 cm.
700 1 _aMarco, Luis.
_976468
852 _aES-MaACL
_jF-14910
999 _c72599
_d72599